Word Ladder: Peter Pan Quiz Stats

Quiz Updated Aug 28, 2012

Challenge
Share
Tweet
Embed
Score 0/30 Timer 03:00
0 Plays Today
% Correct
MINDS
95.3%
PAST
94%
SOOT
87.7%
SLOT
87.2%
HOOT
87.1%
PETER
86.4%
MINES
85%
MINDY
85%
WINDY
84.8%
SLOP
84.6%
STOP
82.6%
POST
80.2%
METER
78.6%
STEP
77.7%
WENDY
76.3%
% Correct
PANT
74.8%
HOOK
74.8%
RANT
72.9%
STEW
70.6%
LOST
68.1%
MITES
66.6%
BOYS
65.2%
BAND
64.8%
MITER
63.4%
SKEW
62.9%
SKEE
61.7%
BOND
59.1%
RAND
58.7%
SMEE
52.6%
BOYD
49.6%

Today's Daily Dose

You're not logged in!

Compare scores with friends on all Sporcle quizzes.
Sign Up with Email
OR
Log In

You Might Also Like...

Show Comments

Extras

Top Quizzes Today


Score Distribution

Your Account Isn't Verified!

In order to create a playlist on Sporcle, you need to verify the email address you used during registration. Go to your Sporcle Settings to finish the process.